000 00609nam a2200205Ia 4500
003 GCL
008 140319s9999 xx 000 0 ara d
040 _aGCL /
_cGCL
082 0 4 _aط
_b252
_bع ح
100 1 _aعبدالتواب يوسف
245 1 0 _aالحج أول يوم العيد /
_cعبدالتواب يوسف
700 1 _aعبدالشافى سيد
260 _a[S.N] :
_bدار الكتب الاسلامية ،
_c1992
300 _a16 ص
490 _aاركان الاسلام
_v0
650 0 4 _aالاطفال
650 0 4 _aالحج
650 0 4 _aحجاب المراة
942 _2ddc
_cBK
999 _c56841
_d56841